Động thái các nhóm vi khuẩn phân hủy cellulose, tinh bột và protein trong mô hình xử lý rác thải hữu cơ Chuyên ngành Công nghệ sinh học
Đề tài nghiên cứu sự biến động của mật số các nhóm vi khuẩn phân hủy cellulose, tinh bột và protein theo thời gian phân hủy rác thải hữu cơ trong mô hình thùng lên men 10 lít
Đã lưu trong:
| Hovedforfatter: | |
|---|---|
| Format: | Bog |
| Sprog: | Undetermined |
| Udgivet: |
Cần Thơ
Trường Đại học Cần Thơ
2009
|
| Fag: | |
| Tags: |
Tilføj Tag
Ingen Tags, Vær først til at tagge denne postø!
|
| Thư viện lưu trữ: | Trung tâm Học liệu Trường Đại học Cần Thơ |
|---|
| LEADER | 01247nam a2200229Ia 4500 | ||
|---|---|---|---|
| 001 | CTU_154286 | ||
| 008 | 210402s9999 xx 000 0 und d | ||
| 082 | |a 363.728 | ||
| 082 | |b Tr120 | ||
| 088 | |a 60420201 | ||
| 100 | |a Lê, Phương Trầm | ||
| 245 | 0 | |a Động thái các nhóm vi khuẩn phân hủy cellulose, tinh bột và protein trong mô hình xử lý rác thải hữu cơ | |
| 245 | 0 | |b Chuyên ngành Công nghệ sinh học | |
| 245 | 0 | |c Lê Phương Trầm; Huỳnh Thu Hòa, Cao Ngọc Điệp (Hướng dẫn khoa học) | |
| 260 | |a Cần Thơ | ||
| 260 | |b Trường Đại học Cần Thơ | ||
| 260 | |c 2009 | ||
| 520 | |a Đề tài nghiên cứu sự biến động của mật số các nhóm vi khuẩn phân hủy cellulose, tinh bột và protein theo thời gian phân hủy rác thải hữu cơ trong mô hình thùng lên men 10 lít | ||
| 650 | |a Bacteria,Refuse and refuse disposal,Agricultural biotechnology,Agricultural wastes,Vi khuẩn,Microbiological techniques | ||
| 650 | |x Biological treatment,Management,Sự lọc sạch | ||
| 904 | |i Năm | ||
| 980 | |a Trung tâm Học liệu Trường Đại học Cần Thơ | ||